00896nam a2200205 i 4500001000700000003000700007005001700014008004100031080005800072100004200130245011300172260004900285300002200334490001500356600006400371830002300435852009000458999001900548952012300567187304SpMaBN20250929063307.0170531s1926 sp |||| |bspa d a929 Pompadour, Jeanne Antoinette Poisson, Marquise de1 aTinayre, Marcelle, d1872-194893839613aLa vida amorosa de Madame de Pompadour / cMarcelle Tinayre ; traducción de Sofía González de Aguilar. aMadrid : bIbero-Africano-Americana, c1926. a220 p. ; c19 cm.1 aLos amores17aPompadour, Jeanne Antoinette Poisson cMarquise de.91403400 aLos amores9225547 aES-MaACLjL-31653 z. - Donat. herederos de la bibl. de Mª del Pilar Costa Palacín c187304d187304 00104070aATENEOMbATENEOMcDEPO2d2017-05-31eDONl0oL-31653p1197665r2023-02-23 00:00:00w2023-02-23yMONOGRAFIA